Viento del pueblo : (Record no. 180908)

MARC details
000 -LEADER
campo de control de longitud fija 01256nam a2200313 i 4500
001 - NÚMERO DE CONTROL
campo de control 180908
003 - IDENTIFICADOR DE NÚMERO DE CONTROL
campo de control ES-MaACL
005 - FECHA Y HORA DE LA ÚLTIMA TRANSACCIÓN
campo de control 20240605120249.0
008 - DATOS DE LONGITUD FIJA--INFORMACIÓN GENERAL
campo de control de longitud fija 120823s2010 sp cho |||| |dspa d
020 ## - NÚMERO INTERNACIONAL ESTÁNDAR DEL LIBRO
Número Internacional Estándar del Libro 978-84-7960-469-1
080 ## - NÚMERO DE LA CLASIFICACIÓN DECIMAL UNIVERSAL
Número de la Clasificación Decimal Universal 821.134.2-14"19"
080 ## - NÚMERO DE LA CLASIFICACIÓN DECIMAL UNIVERSAL
Número de la Clasificación Decimal Universal 821.134.2 Hernandez, Miguel 1.07
100 1# - ENTRADA PRINCIPAL--NOMBRE DE PERSONA
Nombre de persona Hernández, Miguel,
Fechas asociadas al nombre 1910-1942
9 (RLIN) 62844
245 10 - MENCIÓN DEL TÍTULO
Título Viento del pueblo :
Resto del título poesía en la guerra /
Mención de responsabilidad, etc. Miguel Hernández ; edición de José Carlos Rovira y Carmen Alemany Bay.
250 ## - MENCION DE EDICION
Mención de edición 1ª ed. en esta presentación.
260 ## - PUBLICACIÓN, DISTRIBUCIÓN, ETC.
Lugar de publicación, distribución, etc. Madrid :
Nombre del editor, distribuidor, etc. Ediciones de la Torre,
Fecha de publicación, distribución, etc. 2010.
300 ## - DESCRIPCIÓN FÍSICA
Extensión 199 p. :
Otras características físicas il., fot. ;
Dimensiones 22 cm.
490 1# - MENCIÓN DE SERIE
Mención de serie Biblioteca de nuestro mundo. Antología ;
Designación de volumen o secuencia 24
504 ## - NOTA DE BIBLIOGRAFÍA, ETC.
Nota de bibliografía, etc. Bibliografía: p. 77-80.
534 ## - NOTA SOBRE LA VERSIÓN ORIGINAL
Frase introductoria Reprod. de 1ª ed. de:
Publicación, distribución, etc. del original Ediciones Socorro Rojo, 1937.
600 14 - PUNTO DE ACCESO ADICIONAL DE MATERIA--NOMBRE DE PERSONA
Nombre de persona Hernández, Miguel,
Fechas asociadas al nombre 1910-1942-
Subdivisión general Crítica e interpretación
9 (RLIN) 62846
700 0# - ENTRADA AGREGADA--NOMBRE PERSONAL
Nombre de persona Rovira, José Carlos,
Fechas asociadas al nombre 1949-
9 (RLIN) 100129
700 1# - ENTRADA AGREGADA--NOMBRE PERSONAL
Nombre de persona Alemany Bay, Carmen.
9 (RLIN) 19731
830 1# - PUNTO DE ACCESO ADICIONAL DE SERIE-TÍTULO UNIFORME
Título uniforme Biblioteca de nuestro mundo. Antología ;
Designación de volumen o secuencia 24
9 (RLIN) 224659
852 4# - LOCALIZACIÓN
Ubicación ES-MaACL
itemnumber 187787
Sublocalización o colección R.148549
Número de control de estantería A-12190
Signatura antigua Olim: N-5195
Ubicación en estantería Depósito 1
942 ## - ELEMENTOS DE ENTRADA SECUNDARIOS (KOHA)
Fuente del sistema de clasificación o colocación Clasificación decimal universal
Tipo de ítem Koha Libro impreso
Holdings
Estatus retirado Estado de pérdida Fuente del sistema de clasificación o colocación Estado de daño No para préstamo Biblioteca de origen Biblioteca actual Ubicación en estantería Fecha de adquisición Fuente de adquisición Total de préstamos Signatura topográfica completa Código de barras Visto por última vez Precio de reemplazo Tipo de ítem Koha
    Clasificación decimal universal     Biblioteca del Ateneo de Madrid Biblioteca del Ateneo de Madrid Depósito 1 23/08/2012 Donación   A-12190 1190105 23/02/2023 23/02/2023 Libro impreso